[Event "XLIV Capablanca Memorial Open"]
[Site "Havana CUB"]
[Date "2009.06.08"]
[Round "1"]
[White "Ortiz,Na"]
[Black "Otero,Di"]
[Result "0-1"]
[WhiteElo "2248"]
[BlackElo "2431"]
[EventDate "2009.06.08"]

1. e4 c5 2. Nf3 d6 3. d4 cxd4 4. Nxd4 Nf6 5. Nc3 g6 6. Bc4 Bg7 7. f3 O-O 8.
Be3 Nc6 9. Qd2 Bd7 10. O-O-O Ne5 11. Bb3 b5 12. h4 a5 13. Nd5 a4 14. Nxf6+
Bxf6 15. Bd5 Rc8 16. a3 Nc4 17. Bxc4 Rxc4 18. Kb1 b4 19. axb4 Qa8 20. c3
Rfc8 21. Rc1 d5 22. e5 Bxe5 23. h5 g5 24. Bxg5 Bxd4 25. Bxe7 Qc6 26. Qg5+
Kh8 27. g4 h6 28. Qd2 Bg7 29. g5 a3 30. gxh6 Qxh6 31. Bg5 Qh7+ 32. Ka2 axb2
33. Rc2 Ra8+ 0-1

[Event "XLIV Capablanca Memorial Open"]
[Site "Havana CUB"]
[Date "2009.06.08"]
[Round "1"]
[White "Ramon Pita,V"]
[Black "Figueredo,L"]
[Result "0-1"]
[WhiteElo "2233"]
[BlackElo "2419"]
[EventDate "2009.06.08"]

1. d4 Nf6 2. c4 c6 3. Nf3 d5 4. e3 g6 5. Nc3 Bg7 6. Be2 O-O 7. O-O Bg4 8.
cxd5 Nxd5 9. h3 Bxf3 10. Bxf3 e6 11. Qe2 Qa5 12. Bd2 Qa6 13. Qd1 Nd7 14.
Be2 Qb6 15. Rb1 Rad8 16. Qa4 Qc7 17. Rfc1 Qb8 18. b4 N5b6 19. Qb3 e5 20.
dxe5 Nxe5 21. Be1 Nd3 22. Rd1 Nxe1 23. Rxe1 Qe5 24. Rbc1 Rd2 25. a4 Rfd8
26. a5 Nd7 27. Na4 Bf8 28. f4 Qe7 29. Rc4 Qh4 30. Kf1 Nf6 31. f5 Ne4 32.
Rxe4 Qxe4 33. fxg6 hxg6 34. Nc5 Bxc5 35. bxc5 R8d3 36. Qxb7 Rxe3 37. Qc8+
Kg7 38. Qg4 Qxg4 39. hxg4 Re5 40. a6 Rc2 41. g3 Kf6 42. Kf2 Kg5 43. Kf3
Rcxe2 0-1

[Event "XLIV Capablanca Memorial Open"]
[Site "Havana CUB"]
[Date "2009.06.08"]
[Round "1"]
[White "Cruz de la Osa,R"]
[Black "Prasca Sosa,R"]
[Result "1/2-1/2"]
[WhiteElo "2228"]
[BlackElo "2415"]
[EventDate "2009.06.08"]

1. e4 e6 2. d4 d5 3. e5 c5 4. c3 Nc6 5. Nf3 Bd7 6. a3 Nh6 7. b4 cxd4 8.
cxd4 Nf5 9. Be3 Nxe3 10. fxe3 g6 11. Bd3 Bh6 12. Qe2 Ne7 13. g4 Nc8 14. h4
Nb6 15. g5 Bg7 16. h5 gxh5 17. Rxh5 Qc7 18. Kf2 h6 19. Nbd2 hxg5 20. Rxg5
Bf8 21. Rgg1 Be7 22. Rac1 Qd8 23. Nb3 Nc4 24. Bxc4 dxc4 25. Na5 b5 26. Qc2
Qb6 27. Rg7 Bc6 28. Nxc6 Qxc6 29. Rcg1 Rf8 30. R1g4 a5 31. Rf4 c3 32. Ne1
axb4 33. axb4 Qc4 34. d5 Bh4+ 35. Kg1 Qxd5 36. Qxc3 Bxe1 37. Qxe1 Qxe5 38.
Qg3 Ra1+ 39. Kg2 Ra2+ 40. Kg1 Re2 41. Rgxf7 Qxe3+ 42. Qxe3 Rg8+ 43. Kf1
Rxe3 44. Rb7 Rg5 45. Rff7 Rf5+ 1/2-1/2

[Event "XLIV Capablanca Memorial Open"]
[Site "Havana CUB"]
[Date "2009.06.08"]
[Round "1"]
[White "Morales,P"]
[Black "Marrero Lopez,Yan"]
[Result "1/2-1/2"]
[WhiteElo "2410"]
[BlackElo "2224"]
[EventDate "2009.06.08"]

1. e4 e5 2. f4 d5 3. exd5 exf4 4. Nf3 Bd6 5. Bc4 Ne7 6. O-O O-O 7. d4 Nd7
8. Bb3 Nf6 9. c4 c5 10. dxc6 Nxc6 11. c5 Bb8 12. Nc3 Bg4 13. d5 Ne5 14. d6
Nxf3+ 15. gxf3 Bh3 16. Re1 b6 17. Bd5 Nxd5 18. Qxd5 bxc5 19. Bxf4 Qf6 20.
Re4 Be6 21. Qc6 a5 22. Be5 Qxf3 23. Rf1 Qh5 24. Bg3 Ba7 25. Kh1 c4 26. Rh4
Qg6 27. Nd5 Qd3 28. Ne7+ Kh8 29. Qg2 Bd4 30. Re1 Bf6 31. Be5 Bxe5 32. Rxe5
Qd1+ 33. Qg1 Qf3+ 34. Qg2 Qd1+ 35. Qg1 Qf3+ 1/2-1/2

[Event "XLIV Capablanca Memorial Open"]
[Site "Havana CUB"]
[Date "2009.06.08"]
[Round "1"]
[White "Quesada Perez,Y"]
[Black "Lorenzana,W"]
[Result "1/2-1/2"]
[WhiteElo "2402"]
[BlackElo "2215"]
[EventDate "2009.06.08"]

1. e4 c5 2. Nf3 e6 3. d4 cxd4 4. Nxd4 a6 5. Bd3 Bc5 6. Nb3 Be7 7. O-O Nc6
8. Nc3 Nf6 9. f4 d6 10. Qe2 Qc7 11. a4 O-O 12. a5 Bd7 13. Be3 Rac8 14. g4
g6 15. g5 Nh5 16. Qg2 Nb4 17. f5 exf5 18. exf5 Bc6 19. Qh3 Nxd3 20. cxd3 d5
21. Nd4 Bd6 22. fxg6 hxg6 23. Rac1 Qd8 24. Nf5 Bd7 25. Nh6+ Kh7 26. Qh4 Be6
27. Ng4 Bxg4 28. Qxg4 Be5 29. d4 Bg7 30. Qf3 Qxa5 31. Nxd5 Rce8 32. Rc5 Qd8
33. Nf6+ Nxf6 34. gxf6 Bxf6 35. Qxf6 Qxf6 36. Rxf6 Rxe3 37. Rb6 Re7 38. d5
Rd8 39. d6 1/2-1/2

[Event "XLIV Capablanca Memorial Open"]
[Site "Havana CUB"]
[Date "2009.06.08"]
[Round "1"]
[White "Naranjo,O"]
[Black "Arias,Le"]
[Result "0-1"]
[WhiteElo "2199"]
[BlackElo "2406"]
[EventDate "2009.06.08"]

1. e4 c5 2. Nf3 e6 3. d4 cxd4 4. Nxd4 a6 5. Bd3 Bc5 6. Nb3 Ba7 7. O-O Nc6
8. Qe2 Nf6 9. Nc3 d6 10. Be3 Bxe3 11. Qxe3 e5 12. f4 exf4 13. Rxf4 O-O 14.
Raf1 Ne5 15. Be2 Be6 16. Nd4 Nfd7 17. Nf5 Bxf5 18. Rxf5 Qb6 19. Qxb6 Nxb6
20. Nd1 Rac8 21. Bd3 Na4 22. R5f2 Rfd8 23. Rd2 Kf8 24. Be2 b5 25. c3 Nc5
26. Nf2 Ke7 27. Re1 Rc6 28. Bf1 Rb8 29. Nd1 Kd7 30. Nf2 b4 31. Be2 bxc3 32.
bxc3 Ke7 33. Rc2 Rcb6 34. g3 Rb2 35. Rec1 a5 36. Kf1 Rxc2 37. Rxc2 Rb1+ 38.
Bd1 Ned3 39. Nxd3 Nxd3 40. Rd2 Nc5 41. Rd4 Ra1 42. a4 f6 43. Ke1 Ra2 44. h4
g6 45. g4 Rh2 46. h5 Ke6 47. hxg6 hxg6 48. g5 fxg5 49. Bg4+ Ke5 50. Bf3 Kf4
51. Be2 Ke3 0-1

[Event "XLIV Capablanca Memorial Open"]
[Site "Havana CUB"]
[Date "2009.06.08"]
[Round "1"]
[White "Otazo,A"]
[Black "Hernandez Moya,Y"]
[Result "0-1"]
[WhiteElo "1953"]
[BlackElo "2104"]
[EventDate "2009.06.08"]

1. e4 e6 2. d3 d5 3. Nd2 c5 4. Ngf3 Nc6 5. g3 Bd6 6. Bg2 Nge7 7. O-O O-O 8.
Re1 f5 9. e5 Bc7 10. Nf1 Ng6 11. Bg5 Qe8 12. c3 f4 13. Bxf4 Nxf4 14. gxf4
Rxf4 15. Ng3 Bd7 16. Qd2 Qf8 17. Qe3 b5 18. Nh5 Rf5 19. Ng3 Rf4 20. Kh1 b4
21. Rg1 Rxf3 22. Bxf3 Nxe5 23. Nh5 g6 24. Rg3 Kh8 25. Nf4 bxc3 26. bxc3 Qf6
27. Rag1 d4 28. cxd4 cxd4 29. Qxd4 Rf8 30. Nxg6+ hxg6 31. Rh3+ Kg7 32. Qe3
Nxf3 33. Qh6+ Kf7 34. Qh7+ Ke8 35. Rc1 Ng5 36. Qh4 Nxh3 37. Qxh3 Qxf2 38.
Rxc7 Qe1+ 39. Kg2 Qf1+ 0-1

[Event "XLIV Capablanca Memorial Open"]
[Site "Havana CUB"]
[Date "2009.06.08"]
[Round "1"]
[White "Estrada Nieto,J"]
[Black "Mencos,C"]
[Result "1-0"]
[WhiteElo "2344"]
[BlackElo "1899"]
[EventDate "2009.06.08"]

1. e4 c5 2. Nf3 e6 3. c3 d5 4. exd5 Qxd5 5. d4 Nc6 6. Be2 cxd4 7. cxd4 Nf6
8. O-O Be7 9. Nc3 Qd8 10. Be3 O-O 11. Ne5 Nb4 12. Bf3 Nbd5 13. Qb3 Qd6 14.
Rfd1 Rb8 15. Bg5 Nxc3 16. bxc3 Nd5 17. Bd2 Bf6 18. c4 Nc7 19. Bb4 Qd8 20.
Bxf8 Qxf8 21. Rab1 Na6 22. Qe3 Qd8 23. d5 exd5 24. Bxd5 Qc7 25. Nxf7 Kf8
26. Ng5 g6 27. Ne6+ Bxe6 28. Qxe6 Kg7 29. Rxb7 Rxb7 30. Bxb7 Nc5 31. Qd6
Be5 32. Qxc7+ Bxc7 33. Bf3 Kf8 34. g3 Ke7 35. Bc6 Ba5 36. Kg2 Bc7 37. h4
Ba5 38. g4 Bc7 39. g5 Kf7 40. f4 Kg7 41. Kf3 h6 42. Be4 hxg5 43. fxg5 Kf7
44. Rd5 Nxe4 45. Kxe4 Bg3 46. Rd7+ Ke6 47. Rxa7 Bxh4 48. Ra6+ Kf7 49. Kf4
Bf2 50. Kg4 1-0

[Event "XLIV Capablanca Memorial Open"]
[Site "Havana CUB"]
[Date "2009.06.08"]
[Round "1"]
[White "Gutierrez,L"]
[Black "Diaz Ordonez,C"]
[Result "0-1"]
[WhiteElo "1899"]
[BlackElo "2347"]
[EventDate "2009.06.08"]

1. e4 c5 2. Nf3 d6 3. d4 cxd4 4. Nxd4 Nf6 5. Nc3 Nc6 6. Be3 a6 7. f3 e5 8.
Nb3 Be7 9. Qd2 Be6 10. O-O-O O-O 11. g4 a5 12. g5 Ne8 13. Kb1 a4 14. Nc1
Ra5 15. h4 a3 16. b3 Nb4 17. Na4 Rxa4 18. bxa4 d5 19. c3 Na6 20. exd5 Bd7
21. Qc2 Qa5 22. Bb5 Bxb5 23. axb5 Qxb5+ 24. Qb3 Qd7 25. Ka1 Nd6 26. Nd3 Rc8
27. Nxe5 Qf5 28. Bd4 f6 29. gxf6 Bxf6 30. Nd3 Nc4 31. Qxb7 Nc5 32. Nxc5
Rxc5 33. Rhe1 h6 34. Re8+ Kh7 35. Bxf6 Qxf6 36. Qb1+ 0-1

[Event "XLIV Capablanca Memorial Open"]
[Site "Havana CUB"]
[Date "2009.06.08"]
[Round "1"]
[White "Hernandez,Z"]
[Black "Gomez,Fe"]
[Result "0-1"]
[WhiteElo "2043"]
[BlackElo "2359"]
[EventDate "2009.06.08"]

1. e4 e5 2. Nf3 Nc6 3. d4 exd4 4. Nxd4 Bc5 5. Nb3 Bb6 6. Nc3 Qf6 7. Qe2
Nge7 8. h4 O-O 9. Bg5 Qe6 10. O-O-O f6 11. Be3 d6 12. Kb1 Qf7 13. Nb5 Ng6
14. f4 Re8 15. h5 Nf8 16. Bxb6 axb6 17. Qf3 f5 18. exf5 Bxf5 19. Qc3 Ra4
20. N5d4 Nxd4 21. Rxd4 Rxd4 22. Nxd4 Be4 23. h6 gxh6 24. Rh3 Qxf4 25. Nf3
Ng6 26. Bd3 d5 27. a3 c5 28. Bb5 Re7 29. Ka2 0-1

[Event "XLIV Capablanca Memorial Open"]
[Site "Havana CUB"]
[Date "2009.06.08"]
[Round "1"]
[White "Clavijo,J"]
[Black "Ubaldo Suarez,M"]
[Result "1-0"]
[WhiteElo "2365"]
[BlackElo "2093"]
[EventDate "2009.06.08"]

1. e4 c5 2. Nf3 g6 3. d4 cxd4 4. Nxd4 Bg7 5. c4 Nc6 6. Be3 Nf6 7. Nc3 O-O
8. Be2 d6 9. O-O Nxd4 10. Bxd4 Be6 11. Qd2 Rc8 12. b3 Qa5 13. Rad1 Rfe8 14.
Bxf6 Bxf6 15. Nd5 Qxd2 16. Nxf6+ exf6 17. Rxd2 Red8 18. Rfd1 Rc6 19. Bf3
Ra6 20. c5 Kf8 21. cxd6 Rd7 22. Be2 Rb6 23. f4 Kg7 24. Kf2 h6 25. Ke3 a6
26. Bf3 Rd8 27. Rd4 Kf8 28. R1d3 Ke8 29. Kd2 Kd7 30. Kc3 Rc8+ 31. Kb2 Rc5
32. g4 Kd8 33. Bd1 a5 34. f5 Bd7 35. Rh3 Rcc6 36. Rxh6 Rxd6 37. Rxd6 Rxd6
38. Bc2 Be8 39. Kc3 b5 40. a3 Ke7 41. Rh8 g5 42. Rg8 Rc6+ 43. Kd2 Rc5 44.
Rh8 b4 45. axb4 axb4 46. h4 gxh4 47. Rxh4 Rc3 48. Rh1 Rg3 49. Bd3 Rxg4 50.
Rc1 Rg2+ 51. Ke3 Rb2 52. Bc4 Bc6 53. Ra1 Kd6 54. Ra6 Kc5 55. Ra7 Rh2 56.
Rxf7 Rh3+ 57. Ke2 Bxe4 58. Rxf6 Bc2 59. Re6 Kd4 60. f6 Bg6 61. Re7 Bh5+ 62.
Kd2 Rh2+ 63. Ke1 Rh1+ 64. Kf2 Rh4 65. Rh7 Rf4+ 66. Kg3 Rf5 67. f7 Bg6 68.
Rg7 Bxf7 69. Rxf7 Rc5 70. Rf4+ Kc3 71. Kf2 Re5 72. Rf3+ Kb2 73. Re3 Rh5 74.
Ke2 1-0

[Event "XLIV Capablanca Memorial Open"]
[Site "Havana CUB"]
[Date "2009.06.08"]
[Round "1"]
[White "Cori,J"]
[Black "Valdes,A"]
[Result "1-0"]
[WhiteElo "2418"]
[BlackElo "2233"]
[EventDate "2009.06.08"]

1. e4 c5 2. Nf3 e6 3. c3 Nf6 4. e5 Nd5 5. d4 cxd4 6. cxd4 d6 7. Nc3 Nxc3 8.
bxc3 Qc7 9. Bd2 Nd7 10. Qa4 dxe5 11. Nxe5 Bd6 12. Nc4 Bf4 13. Bxf4 Qxf4 14.
Qb4 a5 15. Nd6+ Kd8 16. Qa3 Kc7 17. Nb5+ Kd8 18. Be2 b6 19. Bf3 Rb8 20. O-O
Ba6 21. c4 Bxb5 22. cxb5 Rc8 23. Bc6 Rc7 24. Rad1 Nf6 25. g3 Qf5 26. d5
exd5 27. Qe3 Rxc6 28. bxc6 Kc7 29. Rc1 d4 30. Qe7+ 1-0

[Event "XLIV Capablanca Memorial Open"]
[Site "Havana CUB"]
[Date "2009.06.08"]
[Round "1"]
[White "Martinez,Lel"]
[Black "Carvajal,N"]
[Result "1-0"]
[WhiteElo "2520"]
[BlackElo "2330"]
[EventDate "2009.06.08"]

1. e4 e6 2. d4 d5 3. Nc3 Bb4 4. e5 Ne7 5. Bd2 c5 6. dxc5 Nbc6 7. f4 O-O 8.
Bd3 Nf5 9. Nf3 f6 10. exf6 Qxf6 11. Qe2 Ncd4 12. Nxd4 Nxd4 13. Qe3 Bxc5 14.
Qh3 g6 15. O-O-O a6 16. Qg3 Bd6 17. Rdf1 Qg7 18. h4 Nf5 19. Qe1 Bd7 20. h5
Rf7 21. hxg6 hxg6 22. g4 Ne7 23. f5 exf5 24. gxf5 Nxf5 25. Bxf5 Re8 26.
Qxe8+ Bxe8 27. Be6 g5 28. Nxd5 Be5 29. Ne7+ Kf8 30. Bb4 1-0

[Event "XLIV Capablanca Memorial Open"]
[Site "Havana CUB"]
[Date "2009.06.08"]
[Round "1"]
[White "Obregon,A"]
[Black "Arencibia Rodriguez,W"]
[Result "1/2-1/2"]
[WhiteElo "2406"]
[BlackElo "2519"]
[EventDate "2009.06.08"]

1. e4 c5 2. Nf3 e6 3. d3 Nc6 4. g3 d5 5. Nbd2 Bd6 6. Bg2 Nge7 7. O-O O-O 8.
c3 Bd7 9. Re1 Rc8 10. Nh4 d4 11. f4 dxc3 12. bxc3 Na5 13. e5 Bb8 14. Ne4
Nf5 15. Nxf5 exf5 16. Ng5 Qb6 17. Bd2 h6 18. Nf3 Be6 19. Nh4 Qd8 20. Be3 g6
21. Bf2 Qd7 22. Qe2 Rfe8 23. Rad1 b6 24. d4 cxd4 25. cxd4 Bd5 26. Bxd5 Qxd5
27. g4 fxg4 28. Qxg4 Kh7 29. f5 Rg8 30. fxg6+ fxg6 31. Be3 Nc4 32. Bxh6
Kxh6 33. Rd3 Kg7 34. Rf3 Rgf8 35. Qxg6+ Kh8 36. Rxf8+ Rxf8 37. Qh6+ Kg8 38.
Qg6+ Kh8 39. Qh5+ Kg8 40. Qg4+ Kh7 1/2-1/2

[Event "XLIV Capablanca Memorial Open"]
[Site "Havana CUB"]
[Date "2009.06.08"]
[Round "1"]
[White "Larduet Despaigne,C"]
[Black "Gonzalez Vidal,Y"]
[Result "0-1"]
[WhiteElo "2326"]
[BlackElo "2501"]
[EventDate "2009.06.08"]

1. Nf3 c5 2. e4 d6 3. d4 cxd4 4. Nxd4 Nf6 5. Nc3 g6 6. Bg5 Bg7 7. Bb5+ Bd7
8. Qe2 O-O 9. O-O-O Qa5 10. h4 Rc8 11. Kb1 Rxc3 12. Bxd7 Rc7 13. Bb5 a6 14.
Bd3 Nc6 15. Nb3 Qa4 16. c3 Rac8 17. Nd2 Ne5 18. Bc2 Qa5 19. Bb3 b5 20. h5
Nc4 21. Bxc4 bxc4 22. e5 Nd5 23. Ne4 Rb8 24. Rh3 Bxe5 25. hxg6 hxg6 26. Qf3
Rcb7 27. Bc1 e6 28. Rd2 f5 29. Rc2 Qd8 30. Nd2 Qc8 31. g4 Rb5 32. Rh6 Ne7
33. gxf5 exf5 34. Qg2 Qe6 35. Rh4 Rc5 36. Nf3 Bf6 37. Ng5 Bxg5 38. Qxg5 Qe5
39. Qh6 Qg7 40. Qf4 Qe5 41. Qh6 Qg7 42. Qf4 Qe5 43. Qh6 Kf7 44. Be3 Rcb5
45. Qh7+ Ke6 46. Rh6 Qe4 47. Kc1 f4 48. Rh4 Rg5 49. Rh1 fxe3 50. Re2 Nd5
51. Rhe1 Re5 52. fxe3 Rh5 53. Qa7 Rf8 54. Qxa6 Rh1 55. Rxh1 Qxh1+ 56. Kd2
Qe4 57. Qb7 Rh8 0-1

[Event "XLIV Capablanca Memorial Open"]
[Site "Havana CUB"]
[Date "2009.06.08"]
[Round "1"]
[White "Ortiz Suarez,I"]
[Black "Miranda Mesa,E"]
[Result "1-0"]
[WhiteElo "2493"]
[BlackElo "2321"]
[EventDate "2009.06.08"]

1. d4 d5 2. c4 c6 3. Nf3 Nf6 4. e3 e6 5. Bd3 Nbd7 6. O-O dxc4 7. Bxc4 b5 8.
Bd3 a6 9. a4 b4 10. Nbd2 c5 11. a5 Bb7 12. Qa4 Be7 13. Ne5 Rc8 14. Ndc4 O-O
15. Rd1 Qc7 16. Bd2 Rfd8 17. Rac1 Nxe5 18. Nxe5 Qb8 19. Nc4 cxd4 20. h3
dxe3 21. Bxe3 Nd5 22. Bd4 f6 23. Bf1 Qf4 24. Be3 Qe4 25. Bb6 Bc6 26. Qb3
Rd7 27. Re1 Qf5 28. Ne3 Nxe3 29. Qxe3 Bb7 30. Rxc8+ Bxc8 31. Qxe6+ Qxe6 32.
Rxe6 Kf7 33. Bc4 Kf8 34. Re1 Bb7 35. b3 Rd2 36. Ra1 Bc8 37. Be3 Rd8 38. Rc1
Bb7 39. Bf1 Rc8 40. Rxc8+ Bxc8 41. Bc4 Ke8 42. Bb6 Bd8 43. Bd5 Kd7 44. Be4
g6 45. g4 Be7 46. Kf1 Kd6 47. Ke2 Be6 48. Bb7 Bxb3 49. Bxa6 Bd5 50. Bd3 Kc6
51. Bd4 b3 52. a6 Bd8 53. Kd2 Ba5+ 54. Bc3 Bb6 55. f4 Bd8 56. Kc1 Be7 57.
Kb2 Kb6 58. Bd4+ Kc6 59. Kc3 Bd8 60. Bc4 b2 61. Bxd5+ Kxd5 62. Kxb2 Kc6 63.
f5 gxf5 64. gxf5 h5 65. Kc3 Bb6 66. a7 Bxa7 67. Bxa7 Kd5 68. Bd4 Ke4 69.
Bxf6 Kxf5 70. Bd8 Kf4 71. h4 1-0

[Event "XLIV Capablanca Memorial Open"]
[Site "Havana CUB"]
[Date "2009.06.08"]
[Round "1"]
[White "Ostos,J"]
[Black "Abreu Delgado,A"]
[Result "1-0"]
[WhiteElo "2316"]
[BlackElo "2487"]
[EventDate "2009.06.08"]

1. e4 c5 2. Nf3 d6 3. Nc3 Nf6 4. e5 dxe5 5. Nxe5 e6 6. Bb5+ Nbd7 7. d4 cxd4
8. Qxd4 Be7 9. Bg5 O-O 10. O-O-O Nxe5 11. Qxe5 Qa5 12. Rd4 Nd7 13. Qg3
Bxg5+ 14. Qxg5 a6 15. Rg4 g6 16. Qh6 axb5 17. Rh4 Rd8 18. Qxh7+ Kf8 19. Rf4
f5 20. Ne4 Qxa2 21. Qh8+ Kf7 22. Qxd8 Qa1+ 23. Kd2 Qa5+ 24. Qxa5 Rxa5 25.
Nd6+ Ke7 26. Nxc8+ Kd8 27. Nd6 Ke7 28. b4 1-0

[Event "XLIV Capablanca Memorial Open"]
[Site "Havana CUB"]
[Date "2009.06.08"]
[Round "1"]
[White "Vera Gonzalez Quevedo,R"]
[Black "Macias Murillo,B"]
[Result "1-0"]
[WhiteElo "2475"]
[BlackElo "2299"]
[EventDate "2009.06.08"]

1. d4 Nf6 2. Nf3 e6 3. c4 b6 4. g3 Ba6 5. Qc2 c6 6. e4 d5 7. cxd5 Bxf1 8.
Kxf1 cxd5 9. e5 Nfd7 10. Bg5 Be7 11. Bxe7 Qxe7 12. Qc8+ Qd8 13. Qb7 O-O 14.
Kg2 b5 15. Qxb5 Nb6 16. Nbd2 N8d7 17. Rac1 f6 18. Qe2 fxe5 19. Nxe5 Qf6 20.
Ndf3 Nxe5 21. Nxe5 Rac8 22. Rhe1 Qf5 23. b3 Kh8 24. Qf3 Qf6 25. Qxf6 gxf6
26. Nd3 Rxc1 27. Rxc1 Kg7 28. Nf4 Re8 29. Rc7+ Kh6 30. Rxa7 e5 31. Ra6 exf4
32. Rxb6 fxg3 33. hxg3 Kg6 34. Rb5 Re2 35. a4 Rb2 36. a5 1-0

[Event "XLIV Capablanca Memorial Open"]
[Site "Havana CUB"]
[Date "2009.06.08"]
[Round "1"]
[White "Ordaz Valdes,L"]
[Black "Bacallao,Y"]
[Result "1/2-1/2"]
[WhiteElo "2296"]
[BlackElo "2469"]
[EventDate "2009.06.08"]

1. d4 Nf6 2. c4 g6 3. Nc3 d5 4. cxd5 Nxd5 5. Bd2 Bg7 6. e4 Nb6 7. Be3 O-O
8. h3 Nc6 9. Nf3 f5 10. exf5 Bxf5 11. Qb3+ Kh8 12. d5 Ne5 13. Nxe5 Bxe5 14.
g4 Bd7 15. Bg2 c6 16. O-O cxd5 17. Nxd5 Ba4 18. Bxb6 axb6 19. Qxb6 Bc6 20.
Qe3 Bxb2 21. Rad1 Qa5 22. Nb6 Bxg2 23. Kxg2 Rae8 24. Nc4 Qb5 25. Nxb2 Qxb2
26. Qd4+ Qxd4 27. Rxd4 Ra8 1/2-1/2

[Event "XLIV Capablanca Memorial Open"]
[Site "Havana CUB"]
[Date "2009.06.08"]
[Round "1"]
[White "Fernandez Garcia,JoseL1"]
[Black "Linares Napoles,O"]
[Result "1/2-1/2"]
[WhiteElo "2457"]
[BlackElo "2295"]
[EventDate "2009.06.08"]

1. e4 d6 2. d4 Nf6 3. Nc3 g6 4. f4 Bg7 5. Nf3 c5 6. dxc5 Qa5 7. Qd3 Qxc5 8.
Be3 Qc7 9. e5 dxe5 10. fxe5 Ng4 11. Nd5 Qd8 12. O-O-O Nc6 13. Qa3 Be6 14.
Nf6+ exf6 15. Rxd8+ Rxd8 16. Bb5 1/2-1/2

[Event "XLIV Capablanca Memorial Open"]
[Site "Havana CUB"]
[Date "2009.06.08"]
[Round "1"]
[White "Fernandez,Alex"]
[Black "Guerrero,JuC"]
[Result "0-1"]
[WhiteElo "2399"]
[BlackElo "2202"]
[EventDate "2009.06.08"]

1. e4 c5 2. Nf3 d6 3. d4 cxd4 4. Nxd4 Nf6 5. Nc3 g6 6. Be3 Bg7 7. f3 O-O 8.
g4 Nc6 9. Qd2 Be6 10. O-O-O Nxd4 11. Bxd4 Qa5 12. a3 Rab8 13. h4 b5 14. Nd5
Qxd2+ 15. Rxd2 Bxd5 16. exd5 a5 17. b4 axb4 18. axb4 Rfc8 19. Be2 Nd7 20.
Bxg7 Kxg7 21. Kb2 Ne5 22. Ra1 Rb7 23. Ra5 Nc4+ 24. Bxc4 Rxc4 25. Kb3 Rf4
26. Rd3 h5 27. g5 Rxh4 28. Rc3 f6 29. gxf6+ Kxf6 30. Ra8 Rd4 31. Rf8+ Kg5
32. Re3 Rxd5 33. f4+ Kh6 34. Rg3 Kg7 35. Rc8 Rf5 36. c4 Rxf4 37. c5 Ra7 38.
Rb8 dxc5 39. bxc5 Ra1 40. Rb7 Re4 41. Rc3 Ree1 42. Rc2 Rac1 43. Rxe7+ Rxe7
44. Rxc1 h4 45. c6 Re8 46. Kb4 g5 47. Kxb5 Kg6 48. c7 Rc8 49. Kc6 h3 50.
Kd7 Rxc7+ 51. Kxc7 g4 52. Kd6 Kf5 53. Kd5 g3 54. Rc8 h2 55. Rh8 Kf4 56. Kd4
g2 57. Rf8+ Kg3 0-1

[Event "XLIV Capablanca Memorial Open"]
[Site "Havana CUB"]
[Date "2009.06.08"]
[Round "1"]
[White "Leyva Rivera,Y"]
[Black "Figueroa,Marc"]
[Result "1-0"]
[WhiteElo "2392"]
[BlackElo "2195"]
[EventDate "2009.06.08"]

1. d4 Nf6 2. c4 e6 3. Nc3 d5 4. cxd5 Nxd5 5. e4 Nxc3 6. bxc3 c5 7. Nf3 cxd4
8. cxd4 Nc6 9. Bc4 b5 10. Bb3 Bb4+ 11. Bd2 O-O 12. Bxb4 Nxb4 13. O-O Bb7
14. Qe2 Qb6 15. Rfe1 Nc6 16. Rad1 Na5 17. Bc2 Rfe8 18. h4 Rac8 19. h5 h6
20. d5 exd5 21. e5 Nc4 22. Qd3 g6 23. hxg6 fxg6 24. e6 Rxe6 25. Nd4 Rf6 26.
Qh3 Nd6 27. Re6 Rxe6 28. Qxe6+ Nf7 29. Qxb6 axb6 30. Bxg6 Ne5 31. Bf5 Ra8
32. Re1 Nc6 33. Nxb5 Rxa2 34. Be6+ Kg7 35. Nd6 Ba8 36. Ne8+ Kf8 37. Bxd5
Ra5 38. Nc7 Bb7 39. Re6 Ra1+ 40. Kh2 Rc1 41. Rxh6 Ke7 42. Nb5 Rc5 43. Rh7+
Kd8 44. Rxb7 Rxd5 45. Rxb6 Kd7 46. Rb7+ Ke6 47. Nc7+ 1-0

[Event "XLIV Capablanca Memorial Open"]
[Site "Havana CUB"]
[Date "2009.06.08"]
[Round "1"]
[White "Garcia,Ser"]
[Black "Soto,O"]
[Result "0-1"]
[WhiteElo "2190"]
[BlackElo "2293"]
[EventDate "2009.06.08"]

1. e4 c5 2. Nf3 e6 3. d4 cxd4 4. Nxd4 a6 5. Nd2 Qc7 6. Bd3 Nf6 7. Qe2 d6 8.
O-O Nbd7 9. b3 Be7 10. Bb2 O-O 11. f4 Nc5 12. e5 dxe5 13. fxe5 Nfd7 14.
Rae1 Nxd3 15. cxd3 Bh4 16. Rc1 Qxe5 17. Ne4 Bg5 18. Nf3 Be3+ 19. Kh1 Qf4
20. Rce1 Ba7 21. Ne5 Qh4 22. Nxd7 Bxd7 23. Nf6+ gxf6 24. Bxf6 Qh6 25. Rf3
Bb8 26. Ref1 0-1

[Event "XLIV Capablanca Memorial Open"]
[Site "Havana CUB"]
[Date "2009.06.08"]
[Round "1"]
[White "Delgado,H"]
[Black "Frometa Castillo,Z"]
[Result "1-0"]
[WhiteElo "2385"]
[BlackElo "2184"]
[EventDate "2009.06.08"]

1. d4 d5 2. c4 e6 3. Nc3 Nf6 4. cxd5 exd5 5. Bg5 Be7 6. Qc2 c6 7. e3 Nbd7
8. Nf3 h6 9. Bh4 O-O 10. Bd3 Re8 11. Bg3 Nf8 12. O-O Nh5 13. a3 Nxg3 14.
hxg3 Bf6 15. b4 Bg4 16. Nd2 Qd6 17. Na4 Rac8 18. Nc5 Re7 19. Rfc1 g6 20.
Qa4 b6 21. Na6 h5 22. Rc2 h4 23. gxh4 Bxh4 24. Nf1 Qf6 25. Nh2 Bd7 26. Qb3
Bg5 27. Nf3 Bxe3 28. fxe3 Rxe3 29. Rf1 Bf5 30. Rc3 Bg4 31. Ne5 Qh4 32. Bxg6
Re1 33. Bxf7+ Kg7 34. Rg3 Rxe5 35. dxe5 Nd7 36. Be6 1-0

[Event "XLIV Capablanca Memorial Open"]
[Site "Havana CUB"]
[Date "2009.06.08"]
[Round "1"]
[White "Catala,I"]
[Black "Jimenez,P"]
[Result "0-1"]
[WhiteElo "2173"]
[BlackElo "2383"]
[EventDate "2009.06.08"]

1. d4 Nf6 2. Nf3 g6 3. g3 Bg7 4. Bg2 O-O 5. O-O d6 6. Nc3 c5 7. dxc5 dxc5
8. Qxd8 Rxd8 9. Be3 Na6 10. Rfd1 Nd7 11. Rd2 Re8 12. Rad1 Nb6 13. Rd8 Bf5
14. Rxa8 Rxa8 15. Nh4 Rb8 16. Nxf5 gxf5 17. Bf4 Re8 18. a3 Nc4 19. Bc1 Nc7
20. Rd7 Be5 21. Na4 Bd6 22. Bf4 Bxf4 23. gxf4 Ne6 24. e3 b5 25. Nc3 a6 26.
Nd1 Rd8 27. Rxd8+ Nxd8 28. a4 bxa4 29. Bd5 Nb6 30. Nc3 e6 31. Bf3 Kf8 32.
Kf1 Ke7 33. Ke1 Kd6 34. Be2 c4 35. Kd2 Nc6 36. Bh5 Nd8 37. Ne2 Nd5 38. Nc3
Nb6 39. Ne2 Kc5 40. Nd4 Nd5 41. Bf3 Nxf4 42. Nxf5 exf5 43. exf4 Ne6 44. Bh5
f6 45. Be8 Kb4 46. Bd7 Nxf4 47. Bxf5 h6 48. c3+ Kb3 49. Kc1 Nd3+ 50. Kd2
Kxb2 0-1

[Event "XLIV Capablanca Memorial Open"]
[Site "Havana CUB"]
[Date "2009.06.08"]
[Round "1"]
[White "Quinones Centeno,Carlos"]
[Black "Gallego Alcaraz,A"]
[Result "1/2-1/2"]
[WhiteElo "2166"]
[BlackElo "2373"]
[EventDate "2009.06.08"]

1. e4 c5 2. Nf3 Nc6 3. d4 cxd4 4. Nxd4 Nf6 5. Nc3 e5 6. Ndb5 d6 7. Bg5 a6
8. Na3 b5 9. Nd5 Qa5+ 10. Bd2 Qd8 11. Bg5 Be7 12. Bxf6 Bxf6 13. c4 b4 14.
Nc2 a5 15. Qf3 Be7 16. Rd1 O-O 17. Bd3 Be6 18. O-O Rb8 19. b3 Qd7 20. Qg3
Bd8 21. Be2 Qa7 22. Bg4 Bxd5 23. Rxd5 Bc7 24. Qh4 Rbd8 25. Bf5 h6 26. Rd3
Bb6 27. Rg3 Kh8 28. Rxg7 Kxg7 29. Qg4+ Kh8 30. Qh5 Kg7 31. Qg4+ 1/2-1/2

[Event "XLIV Capablanca Memorial Open"]
[Site "Havana CUB"]
[Date "2009.06.08"]
[Round "1"]
[White "Garcia Pantoja,R"]
[Black "Corrales Jimenez,Z"]
[Result "1/2-1/2"]
[WhiteElo "2369"]
[BlackElo "2143"]
[EventDate "2009.06.08"]

1. e4 c5 2. Nf3 Nc6 3. d4 cxd4 4. Nxd4 g6 5. c4 Nf6 6. Nc3 d6 7. Be2 Nxd4
8. Qxd4 Bg7 9. Be3 O-O 10. Qd2 Be6 11. Rc1 Qa5 12. f3 Rfc8 13. Nd5 Qxd2+
14. Kxd2 Nxd5 15. exd5 Bd7 16. b3 a5 17. Bd3 1/2-1/2